000
00308nam a2200121Ia 4500
008
190415s9999 xx 000 0 und d
082
_a
RE.0004
100
_a
Centre for Research Planning a
245
0
_a
Evaluation of integrated rural development programme.
260
_c
0
300
_a
121p.
942
_c
BK
999
_c
13805
_d
13805